ZeBrA-Core: una herramienta para la generación de imágenes fotorrealistas usando POV-RAY en ambientes de computación distribuida (Registro nro. 469514)

Detalles MARC
000 -CABECERA
campo de control de longitud fija 02194nam a2200301uu 4500
001 - NÚMERO DE CONTROL
campo de control 1099273
005 - FECHA Y HORA DE LA ÚLTIMA TRANSACCIÓN
campo de control 20260507083959.0
007 - CAMPO FIJO DE DESCRIPCIÓN FÍSICA--INFORMACIÓN GENERAL
campo de control de longitud fija cr|||||||
008 - DATOS DE LONGITUD FIJA--INFORMACIÓN GENERAL
campo de control de longitud fija 080825s2008 spa
035 ## - NÚMERO DE CONTROL DEL SISTEMA
Número de control de sistema 1099273
040 ## - FUENTE DE LA CATALOGACIÓN
Centro/agencia transcriptor comduadb
041 ## - CÓDIGO DE LENGUA
Código de lengua del texto/banda sonora o título independiente spa
080 ## - NÚMERO DE LA CLASIFICACIÓN DECIMAL UNIVERSAL
Número de la Clasificación Decimal Universal PSI
100 10 - ENTRADA PRINCIPAL--NOMBRE DE PERSONA
Nombre de persona Bedoya Salazar, Diego Alejandro
Código de función aut
Término indicativo de función/relación Autor/a
9 (RLIN) 560244
245 10 - TÍTULO PROPIAMENTE DICHO
Título propiamente dicho ZeBrA-Core: una herramienta para la generación de imágenes fotorrealistas usando POV-RAY en ambientes de computación distribuida
260 ## - PUBLICACIÓN, DISTRIBUCIÓN, ETC.
Lugar de publicación, distribución, etc. Medellín :
Nombre del editor, distribuidor, etc. [sin publicador],
Fecha de publicación, distribución, etc. 2008.
300 ## - DESCRIPCIÓN FÍSICA
Extensión 129 páginas
520 3# - SUMARIO, ETC.
Nota de Sumario, etc. En este trabajo de grado se presenta el proceso de implementación de una herramienta que aplica un método de partición y una estrategia de distribución, para generar imágenes fotorrealistas usando técnicas de ray-tracing con POV-Ray sobre plataformas de computación distribuida. El método de partición divide la región a generar en franjas iguales y asigna la tarea de generación de cada franja a instancias de POV-Ray independientes que se ejecutan concurrentemente sobre los recursos agremiados en un ambiente de computación distribuida. Los fragmentos de imágenes generados son posteriormente transferidas a un recurso central y fusionadas usando un módulo de ImageMagick para formar la imagen final. La herramienta desarrollada automatiza todo el proceso de división, aglomeración, asignación, generación y fusión final de la imagen y tiene el potencial para funcionar en ambientes muy diversos de computación distribuida. Los resultados de la aplicación de la herramienta en un clúster, presentados en este trabajo, demuestran su capacidad para reducir el tiempo de generación de imágenes de muy alta resolución con una eficiencia muy alta y a un costo muy bajo de utilización de la red.
502 ## - NOTA DE TESIS
Tipo de título Tesis (Ingeniero/a de Sistemas).
Nombre de la institución que otorga el título Universidad de Antioquia. Facultad de Ingeniería,
526 ## - NOTA DE INFORMACIÓN SOBRE EL PROGRAMA DE ESTUDIO
Nombre del programa Universidad de Antioquia. Facultad de Ingeniería. Ingeniería de Sistemas.
650 ## - PUNTO DE ACCESO ADICIONAL DE MATERIA--TÉRMINO DE MATERIA
Término de materia o nombre geográfico como elemento de entrada Imágenes digitales
9 (RLIN) 178046
650 ## - PUNTO DE ACCESO ADICIONAL DE MATERIA--TÉRMINO DE MATERIA
Término de materia o nombre geográfico como elemento de entrada Computación distribuida
9 (RLIN) 163533
650 ## - PUNTO DE ACCESO ADICIONAL DE MATERIA--TÉRMINO DE MATERIA
Término de materia o nombre geográfico como elemento de entrada Clústers
9 (RLIN) 104140
650 ## - PUNTO DE ACCESO ADICIONAL DE MATERIA--TÉRMINO DE MATERIA
Término de materia o nombre geográfico como elemento de entrada Procesamiento de imágenes asistidas por computador
9 (RLIN) 60228
700 10 - ENTRADA AGREGADA--NOMBRE PERSONAL
Nombre de persona Escobar Cadavid, Carolina
Código de función aut
Término indicativo de función/relación Autor/a
9 (RLIN) 558272
700 10 - ENTRADA AGREGADA--NOMBRE PERSONAL
Nombre de persona Zuluaga Callejas, Jorge Iván
Código de función ths
Término indicativo de función/relación Asesor/a de tesis
9 (RLIN) 463861
942 ## - ELEMENTOS DE ENTRADA AGREGADA (KOHA)
Tipo de ítem Koha Tesis
Existencias
Estado de retiro Estado de pérdida Estado dañado No para préstamo Código de colección Localización permanente Ubicación/localización actual Fecha de adquisición Número de inventario Total de préstamos Signatura topográfica completa Fecha visto por última vez Número de copia Precio válido a partir de Tipo de ítem Koha Nota pública
        Colección de Tesis Electrónicas Centro Documentación Ingeniería (Bl. 20-146) Centro Documentación Ingeniería (Bl. 20-146) 25/08/2008 C1014612   PSI 04559 28/04/2023 1 28/04/2023 Internet Acceso restringido.